[Event "Saratov Region-ch Seniors"]
[Site "Saratov"]
[Date "2015.11.07"]
[Round "5"]
[White "Polyakov, Petr"]
[Black "Drogilov, Alexander"]
[Result "0-1"]
[WhiteElo "1639"]
[BlackElo "2149"]
[PlyCount "76"]
[EventDate "2015.11.02"]
[EventType "swiss"]
[EventRounds "7"]
[EventCountry "RUS"]
[SourceTitle "CBM 169 Extra"]
[Source "ChessBase"]
[SourceDate "2015.12.18"]
[SourceVersion "1"]
[SourceVersionDate "2015.12.18"]
[SourceQuality "1"]

1. d4 Nf6 2. d5 g6 3. c4 Bg7 4. Nc3 d6 5. e4 e5 6. Bd3 Na6 7. a3 Nc5 8. Bc2 a5 9. Nge2 0-0 10. 0-0 Nh5 11. f4 exf4 12. Nxf4 Nxf4 13. Bxf4 Nd7 14. h3 Ne5 15. Qe2 Bd7 16. b4 c6 17. c5 Qh4 18. Rab1 axb4 19. axb4 g5 20. Bh2 g4 21. Qf2 Qxf2+ 22. Rxf2 gxh3 23. Na4 Ng4 24. Rd2 Nxh2 25. Kxh2 Be5+ 26. Kh1 Kh8 27. Nb6 hxg2+ 28. Rxg2 Bh3 29. Rf2 Bd4 30. Rd2 Ra2 31. Rh2 Bg4 32. Rd2 Bf3+ 33. Kh2 Rxc2 34. Rxc2 Bxe4 35. Rcc1 Be5+ 36. Kh3 dxc5 37. Rb3 Rg8 38. Rf1 Bg2+ 0-1

[Event "Saratov Region-ch Seniors"]
[Site "Saratov"]
[Date "2015.11.05"]
[Round "3"]
[White "Kupinskaja, Evgeny"]
[Black "Drogilov, Alexander"]
[Result "0-1"]
[WhiteElo "1538"]
[BlackElo "2149"]
[PlyCount "96"]
[EventDate "2015.11.02"]
[EventType "swiss"]
[EventRounds "7"]
[EventCountry "RUS"]
[SourceTitle "CBM 169 Extra"]
[Source "ChessBase"]
[SourceDate "2015.12.18"]
[SourceVersion "1"]
[SourceVersionDate "2015.12.18"]
[SourceQuality "1"]

1. e4 c6 2. d4 d5 3. Nc3 dxe4 4. Nxe4 Nd7 5. Nf3 Ngf6 6. Bd3 Nxe4 7. Bxe4 Nf6 8. Bd3 Bg4 9. Be2 e6 10. 0-0 Bd6 11. h3 Bh5 12. g4 Bg6 13. Kg2 Nd5 14. Ne5 Bxe5 15. dxe5 Nb4 16. Qxd8+ Rxd8 17. Bg5 Nxc2 18. Rad1 Rxd1 19. Rxd1 0-0 20. Rd7 h6 21. Be7 Ra8 22. Rxb7 Nd4 23. Bd1 a6 24. f3 a5 25. a4 Bb1 26. Kg3 Nc2 27. Bd6 Ne3 28. Bb3 Nd5 29. Bc4 Bc2 30. b3 Ne3 31. Be2 Nd5 32. Kf2 g5 33. Bc4 Nf4 34. Kg3 Bd3 35. Bxd3 Nxd3 36. h4 gxh4+ 37. Kxh4 Kg7 38. g5 Kg6 39. gxh6 Rh8 40. Bc7 Rxh6+ 41. Kg3 Kf5 42. Bxa5 Rg6+ 43. Kh2 Nxe5 44. Kh3 f6 45. f4 Nd3 46. Bd2 Nf2+ 47. Kh2 Ke4 48. Rh7 Kf3 0-1

[Event "Saratov Winter Cup"]
[Site "Saratov"]
[Date "2013.01.14"]
[Round "3"]
[White "Drogilov, Alexander"]
[Black "Biryukov, Dmitriy"]
[Result "1-0"]
[WhiteElo "2137"]
[BlackElo "2305"]
[PlyCount "91"]
[EventDate "2013.01.12"]
[EventType "swiss"]
[EventRounds "9"]
[EventCountry "RUS"]
[SourceTitle "CBM 152 Extra"]
[Source "ChessBase"]
[SourceDate "2013.02.25"]
[SourceVersion "1"]
[SourceVersionDate "2013.02.25"]
[SourceQuality "1"]

1. d4 d6 2. Nf3 g6 3. Bf4 Bg7 4. h3 Nf6 5. e3 0-0 6. Bc4 b6 7. 0-0 Bb7 8. Nc3 Nbd7 9. a4 a5 10. Bh2 Ne4 11. Nxe4 Bxe4 12. c3 e5 13. Bb5 c6 14. Be2 d5 15. Nd2 Bf5 16. g4 Be6 17. f4 exf4 18. Bxf4 Re8 19. Bf3 f5 20. g5 Bf7 21. b4 axb4 22. cxb4 c5 23. Nb3 c4 24. Nc1 Nf8 25. h4 h6 26. gxh6 Bf6 27. Ne2 Bxh4 28. Nc3 g5 29. Be5 Ng6 30. Bh5 Qd7 31. Bxg6 Bxg6 32. Qf3 Rad8 33. a5 g4 34. Qf4 Qe7 35. axb6 Bg5 36. Qg3 Qxb4 37. Ra7 Bxh6 38. Qh4 Qf8 39. e4 Rxe5 40. dxe5 Be3+ 41. Kg2 Bxb6 42. Rb7 Bd4 43. Qg5 Qe8 44. Rxf5 Be3 45. Qf6 Bh6 46. Rg5 1-0

[Event "Saratov Winter Cup"]
[Site "Saratov"]
[Date "2013.01.13"]
[Round "2"]
[White "Kruzhilin, Aleksey"]
[Black "Drogilov, Alexander"]
[Result "0-1"]
[WhiteElo "1887"]
[BlackElo "2137"]
[PlyCount "88"]
[EventDate "2013.01.12"]
[EventType "swiss"]
[EventRounds "9"]
[EventCountry "RUS"]
[SourceTitle "CBM 152 Extra"]
[Source "ChessBase"]
[SourceDate "2013.02.25"]
[SourceVersion "1"]
[SourceVersionDate "2013.02.25"]
[SourceQuality "1"]

1. Nf3 f5 2. g3 Nf6 3. Bg2 g6 4. c3 Bg7 5. Qb3 c5 6. d4 Na6 7. 0-0 Qb6 8. Qxb6 axb6 9. Nbd2 d5 10. Ne5 cxd4 11. cxd4 Nb4 12. Ndf3 Ne4 13. a3 Nc2 14. Rb1 Nxd4 15. Nxd4 Bxe5 16. Nb3 0-0 17. Be3 Ra6 18. Rfd1 e6 19. Bf1 Bd7 20. f3 Ba4 21. Rd3 Nd6 22. Bf2 Bb5 23. Rdd1 Ba4 24. Rd3 Rc8 25. Nd4 Bc2 26. Nxc2 Rxc2 27. Rb3 Nc4 28. e3 Nd2 29. Bd3 Rc6 30. Bxa6 bxa6 31. Rd3 Nxb1 32. Rd1 Bxb2 33. Rxb1 Bxa3 34. Kg2 b5 35. Be1 Rc1 36. Rb3 Bc5 37. Ba5 Rc2+ 38. Kh3 Kf7 39. Rd3 h5 40. Bc3 g5 41. g4 hxg4+ 42. fxg4 Bd6 43. gxf5 exf5 44. Bd2 Ke6 0-1

[Event "Saratov RSOCF Cup"]
[Site "Saratov"]
[Date "2010.01.24"]
[Round "6"]
[White "Drogilov, Alexander"]
[Black "Muromtsev, Arthur"]
[Result "1-0"]
[WhiteElo "2139"]
[BlackElo "2244"]
[PlyCount "95"]
[EventDate "2010.01.19"]
[EventType "swiss"]
[EventRounds "9"]
[EventCountry "RUS"]
[SourceTitle "CBM 134 Extra"]
[Source "ChessBase"]
[SourceDate "2010.03.03"]
[SourceVersion "1"]
[SourceVersionDate "2010.03.03"]
[SourceQuality "1"]

1. Nf3 g6 2. d4 Nf6 3. Nbd2 Bg7 4. b4 Nd5 5. Ba3 a5 6. bxa5 c6 7. Nb3 Rxa5 8. Bb2 Ra8 9. e4 Nb6 10. Bc1 Na4 11. Bd2 c5 12. c3 Nc6 13. Bb5 cxd4 14. cxd4 Qb6 15. Bxa4 Rxa4 16. 0-0 Qa7 17. d5 Ne5 18. Rc1 0-0 19. d6 exd6 20. Be3 Qa6 21. Nxe5 Bxe5 22. f4 Bg7 23. e5 Re4 24. Rf3 Qxa2 25. Ra1 Qb2 26. Rb1 Qa3 27. Qxd6 Qxd6 28. exd6 b5 29. Kf1 Rfe8 30. Bf2 R4e6 31. Rd3 Re4 32. Nc5 Rxf4 33. Rxb5 Rc4 34. Rd1 Bf8 35. Rb6 Rc2 36. Re1 Rxe1+ 37. Kxe1 Ra2 38. Rb8 Ba6 39. Bd4 Bb5 40. Bf6 Bc6 41. Be7 Rxg2 42. Bxf8 h5 43. h4 f6 44. Be7+ Kg7 45. Rf8 Ra2 46. Nd3 g5 47. Rxf6 gxh4 48. Nf4 1-0

[Event "Saratov RSOCF Cup"]
[Site "Saratov"]
[Date "2010.01.22"]
[Round "4"]
[White "Drogilov, Alexander"]
[Black "Bryakin, Mikhail"]
[Result "1/2-1/2"]
[WhiteElo "2139"]
[BlackElo "1987"]
[PlyCount "92"]
[EventDate "2010.01.19"]
[EventType "swiss"]
[EventRounds "9"]
[EventCountry "RUS"]
[SourceTitle "CBM 134 Extra"]
[Source "ChessBase"]
[SourceDate "2010.03.03"]
[SourceVersion "1"]
[SourceVersionDate "2010.03.03"]
[SourceQuality "1"]

1. Nf3 d5 2. d4 Nf6 3. c4 c6 4. Nc3 dxc4 5. a4 Bg4 6. Ne5 e6 7. h3 Bf5 8. g4 Bg6 9. Bg2 Bb4 10. 0-0 Nd5 11. Bd2 0-0 12. Nxc4 Bd6 13. f4 Nxc3 14. Bxc3 Qc7 15. Qd2 Re8 16. e4 f6 17. Rae1 Nd7 18. e5 fxe5 19. dxe5 Bc5+ 20. Kh1 Nb6 21. Nd6 Red8 22. f5 Bf7 23. b3 Nd5 24. Bxd5 cxd5 25. f6 Bxd6 26. exd6 Qxd6 27. Be5 Qf8 28. fxg7 Qe8 29. Rf6 d4 30. Ref1 Qc6+ 31. Kg1 Qe4 32. Qg5 Bg6 33. Rf8+ Rxf8 34. Rxf8+ Rxf8 35. gxf8Q+ Kxf8 36. Qd8+ Kf7 37. Qf6+ Ke8 38. Qxe6+ Kd8 39. Qd6+ Ke8 40. Qe6+ Kd8 41. Bf6+ Kc7 42. Be5+ Kd8 43. Bf6+ Kc7 44. Qxe4 Bxe4 45. Bxd4 a6 46. b4 Bc2 1/2-1/2

[Event "Moscow op-B"]
[Site "Moscow"]
[Date "2009.02.05"]
[Round "6"]
[White "Muromtsev, Arthur"]
[Black "Drogilov, Alexander"]
[Result "1/2-1/2"]
[WhiteElo "2259"]
[BlackElo "2166"]
[PlyCount "102"]
[EventDate "2009.01.31"]
[EventType "swiss"]
[EventRounds "9"]
[EventCountry "RUS"]
[SourceTitle "EXT 2012"]
[Source "ChessBase"]
[SourceDate "2011.11.24"]
[SourceVersion "1"]
[SourceVersionDate "2011.11.24"]
[SourceQuality "1"]

1. e4 c5 2. Nf3 e6 3. d4 cxd4 4. Nxd4 Nf6 5. Nc3 Nc6 6. Be2 Qc7 7. 0-0 a6 8. Kh1 b5 9. Nxc6 dxc6 10. f4 b4 11. e5 bxc3 12. exf6 gxf6 13. bxc3 f5 14. Qd4 Rg8 15. Bf3 c5 16. Qc4 Rb8 17. Be3 Bb7 18. Qa4+ Qd7 19. Qb3 Bd6 20. Rab1 Bc8 21. Qxb8 Bxb8 22. Rxb8 Qc7 23. Rfb1 Kd7 24. R1b6 Rd8 25. R8b7 Bxb7 26. Rxb7 Rc8 27. Rxc7+ Rxc7 28. Kg1 Kd6 29. Kf2 f6 30. Be2 Rc6 31. a4 Rb6 32. Bc4 Rb2 33. Bb3 c4 34. Bxc4 Rxc2+ 35. Kf3 a5 36. Bd3 Rxc3 37. Ke2 Kd5 38. Bd2 Ra3 39. Bb5 Ra2 40. Kd3 Kc5 41. h3 e5 42. Bd7 e4+ 43. Ke3 Ra3+ 44. Ke2 Kd4 45. Bxa5 Ra2+ 46. Kf1 Ke3 47. Bxf5 Rxa4 48. Bb6+ Kxf4 49. Bxh7 Ra1+ 50. Kf2 Ra2+ 51. Kf1 Ra1+ 1/2-1/2

[Event "Saratov op"]
[Site "Saratov"]
[Date "2008.12.19"]
[Round "7"]
[White "Korchmar, Vasiliy"]
[Black "Drogilov, Alexander"]
[Result "1-0"]
[WhiteElo "2078"]
[BlackElo "2166"]
[PlyCount "71"]
[EventDate "2008.12.13"]
[EventType "swiss"]
[EventRounds "9"]
[EventCountry "RUS"]
[SourceTitle "EXT 2010"]
[Source "ChessBase"]
[SourceDate "2010.11.25"]
[SourceVersion "1"]
[SourceVersionDate "2010.11.25"]
[SourceQuality "1"]

1. e4 d6 2. d4 Nf6 3. Nc3 c6 4. f4 g6 5. Nf3 Bg7 6. Bd3 0-0 7. 0-0 b5 8. a3 a6 9. Kh1 Nbd7 10. Be3 c5 11. dxc5 Nxc5 12. e5 Ng4 13. Bxc5 dxc5 14. Be4 Ra7 15. Qe1 Bf5 16. Bxf5 gxf5 17. h3 Nh6 18. Qe3 Qc8 19. Rad1 Kh8 20. b4 e6 21. Ne2 Rc7 22. c3 Ng8 23. Qf2 Ne7 24. Rd3 Nd5 25. Rfd1 Kg8 26. Nh4 f6 27. exf6 Rxf6 28. Ng3 Rf8 29. Qf3 cxb4 30. cxb4 Rc3 31. Nhxf5 Qc7 32. Nxg7 Qxg7 33. Rxc3 Nxc3 34. Nh5 Qc7 35. Rc1 Rc8 36. Nf6+ 1-0

[Event "Saratov region op"]
[Site "Saratov"]
[Date "2008.06.03"]
[Round "5"]
[White "Dmitriev, Igor"]
[Black "Drogilov, Alexander"]
[Result "1-0"]
[WhiteElo "2376"]
[BlackElo "2160"]
[PlyCount "75"]
[EventDate "2008.05.30"]
[EventType "swiss"]
[EventRounds "9"]
[EventCountry "RUS"]
[SourceTitle "CBM 124 Extra"]
[Source "ChessBase"]
[SourceDate "2008.07.03"]
[SourceVersion "1"]
[SourceVersionDate "2008.07.03"]
[SourceQuality "1"]

1. d4 Nf6 2. g3 c5 3. Nf3 cxd4 4. Nxd4 e5 5. Nb3 d5 6. Bg2 Be6 7. Bg5 Nbd7 8. 0-0 Be7 9. e3 0-0 10. Nc3 Nb6 11. f4 exf4 12. exf4 h6 13. Bxf6 Bxf6 14. f5 Bc8 15. Nxd5 Bxb2 16. Rb1 Nxd5 17. Bxd5 Qf6 18. c4 Rb8 19. Qf3 b6 20. Nd2 Qc3 21. Qg2 Qe3+ 22. Kh1 Bd4 23. Ne4 Qa3 24. f6 Be6 25. fxg7 Kxg7 26. Rbd1 Be5 27. Qe2 Qe7 28. Qh5 f5 29. Nf2 Rbe8 30. Nd3 Bxd5+ 31. cxd5 Qg5 32. Qf3 Bd6 33. Nf4 Bxf4 34. gxf4 Qh4 35. d6 Re4 36. Rg1+ Kh7 37. Qc3 Rf7 38. Qc8 1-0

[Event "Saratov region op"]
[Site "Saratov"]
[Date "2008.06.02"]
[Round "4"]
[White "Drogilov, Alexander"]
[Black "Khromkin, Andrey"]
[Result "0-1"]
[WhiteElo "2160"]
[BlackElo "2318"]
[PlyCount "58"]
[EventDate "2008.05.30"]
[EventType "swiss"]
[EventRounds "9"]
[EventCountry "RUS"]
[SourceTitle "CBM 124 Extra"]
[Source "ChessBase"]
[SourceDate "2008.07.03"]
[SourceVersion "1"]
[SourceVersionDate "2008.07.03"]
[SourceQuality "1"]

1. Nf3 c5 2. c4 Nc6 3. g3 g6 4. Bg2 Bg7 5. 0-0 a6 6. Nc3 Rb8 7. d3 d6 8. Be3 Nh6 9. Bg5 Nf5 10. g4 Nfd4 11. e3 Ne6 12. Bh4 b5 13. cxb5 axb5 14. d4 cxd4 15. Nxd4 Ncxd4 16. exd4 g5 17. d5 gxh4 18. dxe6 Bxe6 19. Bc6+ Bd7 20. Qd5 Bxc6 21. Qxc6+ Qd7 22. Qf3 Bxc3 23. bxc3 Rg8 24. h3 h5 25. Kh1 hxg4 26. hxg4 Qxg4 27. Qxg4 Rxg4 28. Rab1 Kd7 29. Rb2 Kc6 0-1

[Event "Saratov region op"]
[Site "Saratov"]
[Date "2008.06.01"]
[Round "3"]
[White "Drogilov, Alexander"]
[Black "Malchikov, Igor"]
[Result "1-0"]
[WhiteElo "2160"]
[BlackElo "2318"]
[PlyCount "86"]
[EventDate "2008.05.30"]
[EventType "swiss"]
[EventRounds "9"]
[EventCountry "RUS"]
[SourceTitle "CBM 124 Extra"]
[Source "ChessBase"]
[SourceDate "2008.07.03"]
[SourceVersion "1"]
[SourceVersionDate "2008.07.03"]
[SourceQuality "1"]

1. Nf3 c5 2. c4 Nc6 3. g3 Nf6 4. Bg2 g6 5. 0-0 Bg7 6. d4 cxd4 7. Nxd4 0-0 8. Nb3 d6 9. Nc3 Be6 10. c5 Bxb3 11. Qxb3 Na5 12. Qb4 dxc5 13. Qxc5 b6 14. Qb5 Rc8 15. Qa6 Qc7 16. Bf4 e5 17. Bg5 Qb8 18. Rac1 h6 19. Bxf6 Bxf6 20. Nd5 Bg5 21. e3 Nc6 22. h4 Bd8 23. Nb4 Ne7 24. Rxc8 Nxc8 25. Nc6 Qc7 26. h5 gxh5 27. Qe2 Ne7 28. Rc1 Ng6 29. Qxh5 Kg7 30. Rc3 Qd7 31. Be4 Bg5 32. Rd3 Qc7 33. Qd1 a5 34. Rd7 Qc8 35. Qd5 Bf6 36. Bf5 Qe8 37. e4 h5 38. Bxg6 Kxg6 39. f4 exf4 40. Qf5+ Kg7 41. e5 fxg3 42. Qxf6+ Kg8 43. Ne7+ Kh7 1-0

[Event "Saratov-ch"]
[Site "Saratov"]
[Date "2007.03.09"]
[Round "7"]
[White "Astapov, Valeriy"]
[Black "Drogilov, Alexander"]
[Result "0-1"]
[WhiteElo "2067"]
[BlackElo "2144"]
[PlyCount "54"]
[EventDate "2007.03.01"]
[EventType "swiss"]
[EventRounds "9"]
[EventCountry "RUS"]
[SourceTitle "EXT 2008"]
[Source "ChessBase"]
[SourceDate "2007.11.25"]
[SourceVersion "1"]
[SourceVersionDate "2007.11.25"]
[SourceQuality "1"]

1. e4 c5 2. Nc3 e6 3. g3 Nc6 4. Bg2 a6 5. Nf3 b5 6. 0-0 Bb7 7. d4 cxd4 8. Nxd4 Nxd4 9. Qxd4 Ne7 10. Re1 Nc6 11. Qd3 Ne5 12. Qd4 Qc7 13. Bf4 f6 14. Re2 Bc5 15. Qd2 0-0 16. Rd1 Rf7 17. b3 Rc8 18. Nb1 g5 19. Be3 g4 20. Bxc5 Qxc5 21. Qd4 Nf3+ 22. Bxf3 gxf3 23. Qxc5 Rxc5 24. Re3 Rxc2 25. Nd2 f5 26. e5 f4 27. gxf4 Rxf4 0-1

[Event "Saratov-ch"]
[Site "Saratov"]
[Date "2007.03.03"]
[Round "3"]
[White "Korchmar, Vasiliy"]
[Black "Drogilov, Alexander"]
[Result "1/2-1/2"]
[WhiteElo "2001"]
[BlackElo "2144"]
[PlyCount "122"]
[EventDate "2007.03.01"]
[EventType "swiss"]
[EventRounds "9"]
[EventCountry "RUS"]
[SourceTitle "EXT 2008"]
[Source "ChessBase"]
[SourceDate "2007.11.25"]
[SourceVersion "1"]
[SourceVersionDate "2007.11.25"]
[SourceQuality "1"]

1. e4 c6 2. d4 d5 3. e5 Bf5 4. Ne2 e6 5. Ng3 Bg6 6. h4 h6 7. h5 Bh7 8. Bd3 Bxd3 9. Qxd3 Qa5+ 10. c3 Qa6 11. Qc2 c5 12. f4 cxd4 13. cxd4 Nc6 14. Be3 Nb4 15. Qb3 Qd3 16. Na3 Ne7 17. Qxd3 Nxd3+ 18. Ke2 Nxb2 19. Rab1 Nc4 20. Nxc4 dxc4 21. Rxb7 Nd5 22. Rc1 c3 23. Ne4 Ba3 24. Rcb1 0-0 25. R1b3 Bb2 26. Rxb2 cxb2 27. Rxb2 Rab8 28. Rd2 Rb1 29. g4 Rfb8 30. f5 R8b2 31. Nc5 Rxd2+ 32. Bxd2 exf5 33. gxf5 Ra1 34. a4 Rh1 35. Kd3 Rxh5 36. Ke4 Ne7 37. f6 Rh4+ 38. Kd3 Nc6 39. Bc3 gxf6 40. exf6 Nb8 41. d5 Rh5 42. Ke4 Rh4+ 43. Kd3 Rh3+ 44. Kc4 Re3 45. Bd2 Rf3 46. Bc3 Rf5 47. d6 h5 48. d7 Nc6 49. Kb5 Nd8 50. Ba5 Ne6 51. d8Q+ Nxd8 52. Bxd8 h4 53. Kc6 h3 54. Bc7 Rxf6+ 55. Kb7 a5 56. Nb3 Rf2 57. Nxa5 h2 58. Bxh2 Rxh2 59. Nc6 Rb2+ 60. Kc7 Ra2 61. a5 f5 1/2-1/2

[Event "Saratov Aratovsky Memorial 6th"]
[Site "Saratov"]
[Date "2006.11.29"]
[Round "3"]
[White "Drogilov, Alexander"]
[Black "Ekhaeva, Polina"]
[Result "1-0"]
[WhiteElo "2144"]
[BlackElo "2000"]
[PlyCount "43"]
[EventDate "2006.11.27"]
[EventType "swiss"]
[EventRounds "9"]
[EventCountry "RUS"]
[SourceTitle "EXT 2008"]
[Source "ChessBase"]
[SourceDate "2007.11.25"]
[SourceVersion "1"]
[SourceVersionDate "2007.11.25"]
[SourceQuality "1"]

1. d4 c5 2. d5 d6 3. Nc3 g6 4. Nf3 Bg7 5. Nd2 Nf6 6. e4 0-0 7. Be2 Nbd7 8. 0-0 a6 9. a4 b6 10. Nc4 Rb8 11. Bf4 b5 12. axb5 axb5 13. Na5 Bb7 14. Nc6 Bxc6 15. dxc6 Nb6 16. e5 Ne8 17. exd6 exd6 18. Nxb5 Be5 19. Bxe5 dxe5 20. c7 Nxc7 21. Qxd8 Rfxd8 22. Nxc7 1-0

[Event "Saratov Aratovsky Memorial 6th"]
[Site "Saratov"]
[Date "2006.11.28"]
[Round "2"]
[White "Kurnosov, Igor"]
[Black "Drogilov, Alexander"]
[Result "1-0"]
[WhiteElo "2556"]
[BlackElo "2144"]
[PlyCount "69"]
[EventDate "2006.11.27"]
[EventType "swiss"]
[EventRounds "9"]
[EventCountry "RUS"]
[SourceTitle "EXT 2008"]
[Source "ChessBase"]
[SourceDate "2007.11.25"]
[SourceVersion "1"]
[SourceVersionDate "2007.11.25"]
[SourceQuality "1"]

1. e4 c5 2. Nf3 d6 3. Nc3 Nf6 4. d4 cxd4 5. Nxd4 a6 6. Be3 e6 7. g4 h6 8. Bg2 Nbd7 9. f4 e5 10. Nf5 exf4 11. Bxf4 Ne5 12. Qd4 Nc6 13. Nxd6+ Bxd6 14. Qxd6 Bxg4 15. e5 Qxd6 16. exd6 Nh5 17. 0-0 0-0 18. Be3 Rad8 19. Bb6 Rxd6 20. Bc5 Rg6 21. Bxf8 Bh3 22. Rf2 Kxf8 23. Kh1 Bxg2+ 24. Rxg2 Rf6 25. Rd1 Nf4 26. Rgd2 Nh3 27. Re1 g5 28. Nd5 Rf5 29. c4 Ne5 30. Ne3 Rf3 31. Rd5 Nf2+ 32. Kg2 Nfd3 33. Rxd3 Nxd3 34. Kxf3 Nxe1+ 35. Ke2 1-0

[Event "Kaiserbrunnen op 1st"]
[Site "Brakel"]
[Date "2003.10.31"]
[Round "8"]
[White "Drogilov, Alexander"]
[Black "Dorawa, Bernhard"]
[Result "1-0"]
[WhiteElo "2206"]
[BlackElo "2128"]
[PlyCount "63"]
[EventDate "2003.07.??"]
[EventType "swiss"]
[EventRounds "9"]
[EventCountry "GER"]
[SourceTitle "EXT 2006"]
[Source "ChessBase"]
[SourceDate "2005.11.24"]
[SourceVersion "1"]
[SourceVersionDate "2005.11.24"]
[SourceQuality "1"]

1. d4 Nf6 2. Nc3 d5 3. Bg5 e6 4. Nf3 Be7 5. e3 h6 6. Bh4 Nbd7 7. Bd3 c5 8. 0-0 b6 9. Ne5 Bb7 10. f4 0-0 11. Bxf6 Nxf6 12. f5 exf5 13. Rxf5 Ne4 14. Qf3 Nd6 15. Nb5 c4 16. Nxd6 Bxd6 17. Bxc4 Qc7 18. Bd3 Rae8 19. Ng4 Bc8 20. Rf1 Bxf5 21. Qxf5 Re4 22. h3 Rfe8 23. Qxd5 Rxe3 24. Nxe3 Rxe3 25. Qa8+ Bf8 26. Qd5 Bd6 27. Bg6 Re7 28. Rxf7 Bh2+ 29. Kh1 Rxf7 30. Bxf7+ Qxf7 31. Qxf7+ Kxf7 32. Kxh2 1-0

[Event "Kaiserbrunnen op 1st"]
[Site "Brakel"]
[Date "2003.10.31"]
[Round "5"]
[White "Drogilov, Alexander"]
[Black "Penndorf, Dietrich"]
[Result "1-0"]
[WhiteElo "2206"]
[BlackElo "1742"]
[PlyCount "83"]
[EventDate "2003.07.??"]
[EventType "swiss"]
[EventRounds "9"]
[EventCountry "GER"]
[SourceTitle "EXT 2006"]
[Source "ChessBase"]
[SourceDate "2005.11.24"]
[SourceVersion "1"]
[SourceVersionDate "2005.11.24"]
[SourceQuality "1"]

1. d4 f5 2. Nf3 Nf6 3. g3 e6 4. Bg2 Be7 5. 0-0 0-0 6. b3 d5 7. Ba3 Bxa3 8. Nxa3 Qe7 9. Qc1 Ne4 10. c4 c6 11. Nc2 Nd7 12. Nce1 Ndf6 13. Nd3 Bd7 14. Nfe5 Be8 15. f3 Nd6 16. c5 Nf7 17. b4 Nd7 18. a4 Ndxe5 19. dxe5 Rc8 20. Qc3 g5 21. e4 Nh6 22. exd5 exd5 23. f4 Ng4 24. Rae1 Qg7 25. fxg5 Qxg5 26. Nf4 Qe7 27. h3 Nh6 28. e6 Rd8 29. Qd4 Qf6 30. Re5 Qe7 31. Kh2 Bg6 32. Rd1 Rfe8 33. Qa1 Kf8 34. b5 Ng8 35. g4 fxg4 36. Rf1 Nf6 37. Rg5 Kg8 38. Nxg6 hxg6 39. Rxg6+ Kh7 40. Rfxf6 Qc7+ 41. Kh1 d4 42. Qc1 1-0